| 000 | 00622cam a22002293a 4500 | ||
|---|---|---|---|
| 001 | 4656 | ||
| 003 | PGUSA | ||
| 005 | 20140828083103.0 | ||
| 008 | 031101s2003||||xxu|||||s|||||000 | eng d | ||
| 040 |
_aPGUSA _beng |
||
| 042 | _adc | ||
| 050 | 4 | _aGV | |
| 100 | 1 | _aFishburne, William Brett | |
| 245 | 1 | 0 |
_aCheckmates for Four Pieces _h[electronic resource] / _cWilliam Brett Fishburne |
| 260 |
_bProject Gutenberg, _c2003 |
||
| 506 | _aPublic domain in the USA. | ||
| 516 | _aElectronic text | ||
| 653 | _aChess | ||
| 830 | 0 |
_aProject Gutenberg _v4656 |
|
| 856 | 4 | 0 | _uhttp://www.gutenberg.org/ebooks/4656 |
| 942 | _cEB | ||
| 999 |
_c233985 _d233985 |
||